000 07640cam a22020414i 4500
003 PE-LiUPU
005 20250813165702.0
008 150625s2003 sp a r 000 0 spa d
020 _a9788497253666
035 _a(Sirsi) i9788497253666
040 _aPE-LiUPU
_bspa
_cPE-LiUPU
_erda
049 _aPRUA
082 0 4 _a628.4
_bM22
_221
245 0 0 _aManual para la gestión de los residuos urbanos /
_cEdita La Ley, directores: Rosalina Díaz Valcárcel y Eduardo García Guerra.
264 1 _aMadrid :
_bEl Consultor de los Ayuntamientos,
_c2003.
300 _a909 páginas :
_bilustraciones ;
_c24 centímetros
336 _atext
_2rdacontent
337 _aunmediated
_2rdamedia
338 _avolume
_2rdacarrier
500 _aIncluye legislación relacionada
500 _aPrecede al tít.: Garrigues, Medio Ambiente, Environmental Risk Consulting.
505 0 _aLos residuos y su afección ambiental -- Los residuos urbanos. Características generales -- Gestión de residuos urbanos. Recogida y transporte. -Estaciones de transferencia. -Los puntos limpios -- Tratamiento de los residuos. Vertederos sanitariamente controlados -- Tratamiento de los residuos. Valorización energética de los residuos urbanos -- Tratamiento de los residuos. Compostaje -- Tratamiento de los residuos. Reciclado -- Otras alternativas para el tratamiento de los residuos. Embalado de residuos -- Gestión de residuos especiales -- Costes asociados a la gestión de residuos y repercusión de los constes -- La gestión medioambiental aplicada al sector de los residuos -- La gestión de residuos urbanos en Europa -- La gestión de residuos urbanos en España -- Legislación aplicable al sector de los residuos.
526 _aP203
526 _aP200
526 _aSEG65
526 _aSEG64
526 _aSEG63
526 _aSEG62
526 _aSEG61
526 _aSEG60
526 _aSEG59
526 _aSEG58
526 _aSEG57
526 _aSEG56
526 _aSEG55
526 _aSEG54
526 _aSEG53
526 _aSEG52
526 _aSEG51
526 _aSEG50
526 _aSEG49
526 _aSEG48
526 _aSEG47
526 _aSEG46
526 _aSEG24
526 _aSEG23
526 _aSEG22
526 _aSEG21
526 _aSEG20
526 _aSEG19
526 _aSEG18
526 _aSEG17
526 _aSEG16
526 _aSEG14
526 _aSEG13
526 _aSEG12
526 _aSEG11
526 _aSEG10
526 _aSEG09
526 _aSEG06
526 _aSEG05
526 _aSEG04
526 _aSEG03
526 _aSEG02
526 _aSEG68
526 _aSEG66
526 _aSEG45
526 _aSEG25
526 _aSEG01
526 _aP163
526 _aP162
526 _aP161
526 _aP160
526 _aP159
526 _aP158
526 _aP157
526 _aP156
526 _aP155
526 _aP154
526 _aP153
526 _aP152
526 _aP151
526 _aP150
526 _aP149
526 _aP142
526 _aP141
526 _aP140
526 _aP139
526 _aP138
526 _aP137
526 _aP132
526 _aP131
526 _aP130
526 _aP126
526 _aP125
526 _aP124
526 _aP123
526 _aP115
526 _aP122
526 _aP121
526 _aP116
526 _a P114
526 _aP112
526 _aP111
526 _aP104
526 _aP103
526 _aP102
526 _aP101
526 _aP100
526 _aP96
526 _aP95
526 _aP93
526 _aP92
526 _aP91
526 _aP88
526 _aP83
526 _aP82
526 _aP79
526 _aP78
526 _aP75
526 _aP74
526 _aP71
526 _aP69
526 _a P51
526 _aP49
526 _aP48
526 _aP47
526 _aP33
526 _aP31
526 _a P30
526 _aP29
526 _aP27
526 _aP26
526 _aP25
526 _aP24
526 _a P22
526 _aP10
526 _aP09
526 _a P08
526 _aP06
526 _aP05
526 _aP04
526 _aP01
541 _g015-0016195;
541 _g015-009039;
541 _g001-0042330;
541 _gF002-00000048;
650 0 4 _aGestión de residuos.
650 0 4 _aWaste management.
700 1 _aDíaz Valcárcel, Rosalina,
_edirector.
700 1 _aGarcía Guerra, Eduardo,
_edirector.
910 _adbm
_bncf
_cncf
_d20180111
910 _adbm
_bjpc
_cjpc
_d20180517
942 _2ddc
_cBOOK
949 _a628.4 M22
_wDEWEY
_c1
_i57824
_lCCODEBUL1
_mBUL
_p81.00
_r0
_sY
_tBOOK
_u2015-6-25
_xINGENIERIA
_PP24
_0COMPRA
_o.STAFF. Colección General
949 _a628.4 M22
_wDEWEY
_c2
_i69216
_d2016-11-15
_e2016-11-13
_lCCODEBUL1
_mBUL
_n7
_p104.00
_r0
_sY
_tBOOK
_u2015-6-25
_xINGENIERIA
_PP24
_0COMPRA
_o.STAFF. Colección General
949 _a628.4 M22
_wDEWEY
_c3
_i70194
_lCCODEBUL1
_mBUL
_p97.00
_r0
_sY
_tBOOK
_u2015-7-23
_xINGENIERIA
_PP24
_0COMPRA
_o.STAFF. Colección general
949 _a628.4 M22 2003
_wDEWEY
_c1
_iFJ06809
_lCCODEBUJ1
_mBUJ
_p82.62
_r0
_sY
_tBOOK
_u2017-10-23
_xINGENIERIA
_PP24
_0COMPRA
_o.STAFF -- Colección General Juliaca
949 _a628.4 M22 2003
_wDEWEY
_c1
_iFJ07439
_lCCODEBUJ1
_mBUJ
_p82.62
_r0
_sY
_tBOOK
_u2017-10-26
_xINGENIERIA
_zAmbiental
_0COMPRA
_o.STAFF -- Colección General Juliaca
994 _aC0
_bPEPRU
596 _a1 3
999 _a628.4 M22
_wDEWEY
_c46823
_i57824
_f2021-11-5
_g7
_lCCODEBUL1
_mBUL
_p81.00
_r0
_sY
_tBOOK
_u2015-6-25
_xBIBLIOTECA
_PP24
_0COMPRA
_o.STAFF. Colección Ingeniería y Arquitectura
_d46823
999 _a628.4 M22
_wDEWEY
_c2
_i69216
_d2016-11-15
_e2016-11-13
_f2019-12-11
_g6
_lDISCARD
_mBUL
_n7
_p104.00
_r1
_sY
_tBOOK
_u2015-6-25
_xINGENIERIA
_PP24
_0COMPRA
_o.STAFF. Colección Ingeniería y Arquitectura
999 _a628.4 M22
_wDEWEY
_c3
_i70194
_e2017-4-26
_f2019-12-11
_g6
_lDISCARD
_mBUL
_n2
_p97.00
_r1
_sY
_tBOOK
_u2015-7-23
_xINGENIERIA
_PP24
_0COMPRA
_o.STAFF. Colección Ingeniería y Arquitectura
999 _a628.4 M22
_wDEWEY
_c4
_i77973
_d2018-8-7
_f2022-4-11
_g4
_lCCODEBUL1
_mBUL
_p84.13
_q1
_r1
_sY
_tBOOK
_u2018-1-11
_xINGENIERIA
_PP24
_0COMPRA
_o.STAFF. Colección Ingeniería y Arquitecura
999 _a628.4 M22
_wDEWEY
_c5
_i77974
_d2018-3-22
_f2019-12-11
_g3
_lDISCARD
_mBUL
_p84.13
_q1
_r1
_sY
_tBOOK
_u2018-1-11
_xINGENIERIA
_PP24
_0COMPRA
_o.STAFF. Colección Ingeniería y Arquitectura
999 _a628.4 M22
_wDEWEY
_c6
_i78445
_f2022-4-11
_g5
_lCCODEBUL1
_mBUL
_p83.00
_r1
_sY
_tBOOK
_u2018-5-17
_xINGENIERIA
_PP24
_0COMPRA
_1FCOMPRA
_o.STAFF. Colección Ingeniería y Arquitectura
999 _a628.4 M22
_wDEWEY
_c7
_i78446
_f2019-12-11
_g3
_lDISCARD
_mBUL
_p83.00
_r1
_sY
_tBOOK
_u2018-5-17
_xINGENIERIA
_PP24
_0COMPRA
_1FCOMPRA
_o.STAFF. Colección Ingeniería y Arquitectura
999 _a628.4 M22 2003
_wDEWEY
_c1
_iFJ06809
_d2019-9-24
_e2017-10-4
_f2022-1-26
_g4
_lCCODEBUJ1
_mBUJ
_n6
_p82.62
_q13
_r0
_sY
_tBOOK
_u2017-2-14
_xINGENIERIA
_PP24
_0COMPRA
_o.STAFF. Colección General Juliaca
999 _a628.4 M22 2003
_wDEWEY
_c2
_iFJ07439
_d2019-9-24
_e2018-10-17
_f2022-1-26
_g4
_lCCODEBUJ1
_mBUJ
_n6
_p82.62
_q12
_r0
_sY
_tBOOK
_u2017-3-30
_xINGENIERIA
_PP24
_0COMPRA
_o.STAFF. Colección General Juliaca
980 _81
_gALBERTO SANCHEZ Responsable de Automatización